[Event "Eforie Nord Seacoast op 26th"]
[Site "Eforie Nord"]
[Date "2016.06.28"]
[Round "2"]
[White "Sanduleac, Vasile"]
[Black "Senetia, Teodor"]
[Result "1-0"]
[WhiteElo "2405"]
[BlackElo "2056"]
[PlyCount "121"]
[EventDate "2016.06.27"]
[EventType "swiss"]
[EventRounds "10"]
[EventCountry "ROU"]
[SourceTitle "EXT 2017"]
[Source "ChessBase"]
[SourceDate "2016.10.25"]
[SourceVersion "1"]
[SourceVersionDate "2016.10.25"]
[SourceQuality "1"]

1. e4 e5 2. Nf3 Nc6 3. Bc4 Bc5 4. c3 Nf6 5. d4 exd4 6. e5 d5 7. Bb5 Ne4 8. cxd4 Bb6 9. Nc3 0-0 10. Be3 Bg4 11. Be2 f6 12. exf6 Nxc3 13. bxc3 Qxf6 14. 0-0 h6 15. Qb3 Rad8 16. Rae1 Ne7 17. Ne5 Bxe2 18. Rxe2 Nf5 19. a4 c5 20. Qb2 cxd4 21. cxd4 Nxe3 22. Rxe3 Qf4 23. Rd1 Rf6 24. Rf3 Qe4 25. Rxf6 gxf6 26. Nf3 Re8 27. Qc1 Qg6 28. Qc3 Re7 29. a5 Bd8 30. Qc5 Qh5 31. Qd6 Re8 32. Re1 Rxe1+ 33. Nxe1 Bxa5 34. Nf3 Bb6 35. Qxf6 Qg4 36. h3 Qd7 37. Qg6+ Qg7 38. Qe6+ Qf7 39. Qxh6 Bc7 40. Qg5+ Kf8 41. Qg4 Qf4 42. Qc8+ Ke7 43. g3 Qxf3 44. Qxc7+ Ke6 45. Qc8+ Kd6 46. Qb8+ Kc6 47. Qxa7 b6 48. Qa4+ Kc7 49. h4 Qe2 50. Qa7+ Kc6 51. Qa8+ Kd6 52. Qd8+ Kc6 53. Qc8+ Kd6 54. Qc3 Qe4 55. Qd2 Qb1+ 56. Kh2 b5 57. h5 b4 58. h6 b3 59. Qf4+ Kc6 60. Qf7 b2 61. h7 1-0

[Event "ROM-ch"]
[Site "Targu Mures"]
[Date "2014.05.03"]
[Round "10"]
[White "Senetia, Teodor"]
[Black "Dulman, Egmond Gabriel"]
[Result "1-0"]
[WhiteElo "2148"]
[BlackElo "2067"]
[PlyCount "69"]
[EventDate "2014.04.26"]
[EventType "swiss"]
[EventRounds "11"]
[EventCountry "ROU"]
[SourceTitle "CBM 160 Extra"]
[Source "ChessBase"]
[SourceDate "2014.07.01"]
[SourceVersion "1"]
[SourceVersionDate "2014.07.01"]
[SourceQuality "1"]

1. e4 c6 2. d4 d5 3. Nc3 dxe4 4. Nxe4 Nd7 5. Ng5 Ngf6 6. Bd3 e6 7. N1f3 Bd6 8. Qe2 Qc7 9. Nxf7 0-0 10. Nxd6 Qxd6 11. 0-0 c5 12. Rd1 cxd4 13. Nxd4 Nc5 14. Nxe6 Nxd3 15. Nxf8 Ng4 16. Qxd3 Qxh2+ 17. Kf1 Qh1+ 18. Ke2 Qxg2 19. Qxh7+ Kxf8 20. Rd8+ Ke7 21. Bg5+ Ke6 22. Qg8+ Kf5 23. Qd5+ Qxd5 24. Rxd5+ Ke6 25. Rd8 b6 26. c4 Ne5 27. b3 Nf7 28. Re8+ Kf5 29. Be3 Kg6 30. Rg1+ Kh7 31. Re7 Kg8 32. Bd4 g5 33. Re8+ Kh7 34. Ke3 Bb7 35. Re7 1-0

[Event "ROM-ch"]
[Site "Targu Mures"]
[Date "2014.05.02"]
[Round "9"]
[White "Georgescu, Ioan Gabriel"]
[Black "Senetia, Teodor"]
[Result "1/2-1/2"]
[WhiteElo "1926"]
[BlackElo "2148"]
[PlyCount "109"]
[EventDate "2014.04.26"]
[EventType "swiss"]
[EventRounds "11"]
[EventCountry "ROU"]
[SourceTitle "CBM 160 Extra"]
[Source "ChessBase"]
[SourceDate "2014.07.01"]
[SourceVersion "1"]
[SourceVersionDate "2014.07.01"]
[SourceQuality "1"]

1. d4 Nf6 2. c4 c5 3. d5 b5 4. cxb5 a6 5. bxa6 Bxa6 6. Nc3 g6 7. e4 Bxf1 8. Kxf1 d6 9. g3 Bg7 10. Kg2 0-0 11. Nf3 Nbd7 12. Qe2 Qa5 13. Bd2 Rfb8 14. Rab1 Ne8 15. Rhc1 Rb7 16. Bg5 h6 17. Bd2 Rab8 18. b3 Qa3 19. Ne1 Nc7 20. Nc2 Qa8 21. Ne3 Kh7 22. f4 Nb6 23. h4 e6 24. Kh2 exd5 25. exd5 Ra7 26. a4 Nbxd5 27. Nexd5 Nxd5 28. Nb5 Re7 29. Qd3 Nc7 30. Nxc7 Rxc7 31. Bc3 Bxc3 32. Qxc3 Qa6 33. Re1 d5 34. Qe5 Qc6 35. h5 Rcb7 36. f5 gxf5 37. Qxf5+ Kg8 38. Re5 Rxb3 39. Rxb3 Rxb3 40. Rxd5 Rb8 41. Qe5 Re8 42. Qf5 Qxa4 43. Rxc5 Re1 44. Rc8+ Kg7 45. Qc2 Qe4 46. Qc3+ Qe5 47. Qxe5+ Rxe5 48. g4 Kf6 49. Rc6+ Kg5 50. Rc4 Re3 51. Kg2 Re5 52. Rb4 f5 53. gxf5 Rxf5 54. Rb3 Kxh5 55. Kg3 1/2-1/2

[Event "EU-ch 13th"]
[Site "Plovdiv"]
[Date "2012.03.30"]
[Round "10"]
[White "Erturan, Yakup"]
[Black "Senetia, Teodor"]
[Result "1-0"]
[WhiteElo "2370"]
[BlackElo "2188"]
[PlyCount "55"]
[EventDate "2012.03.20"]
[EventType "swiss"]
[EventRounds "11"]
[EventCountry "BUL"]
[SourceTitle "CBM 148"]
[Source "ChessBase"]
[SourceDate "2012.05.16"]
[SourceVersion "1"]
[SourceVersionDate "2012.05.16"]
[SourceQuality "1"]

1. e4 c5 2. Nf3 d6 3. d4 cxd4 4. Qxd4 Nc6 5. Bb5 Bd7 6. Bxc6 Bxc6 7. Nc3 Nf6 8. Bg5 Nd7 9. 0-0-0 Qb6 10. Qd2 h6 11. Be3 Qa5 12. Kb1 e6 13. Nd4 a6 14. f4 Be7 15. Rhe1 Qh5 16. h3 Rc8 17. g4 Qa5 18. e5 d5 19. f5 Nf8 20. Qd3 Bd7 21. Bd2 Qc7 22. f6 gxf6 23. exf6 Bxf6 24. Nxd5 Qd8 25. Nf5 Bb5 26. Nxf6+ Qxf6 27. Nd6+ Kd7 28. Nxb5+ 1-0

[Event "EU-ch 13th"]
[Site "Plovdiv"]
[Date "2012.03.29"]
[Round "9"]
[White "Kadric, Denis"]
[Black "Senetia, Teodor"]
[Result "1-0"]
[WhiteElo "2403"]
[BlackElo "2188"]
[PlyCount "77"]
[EventDate "2012.03.20"]
[EventType "swiss"]
[EventRounds "11"]
[EventCountry "BUL"]
[SourceTitle "CBM 148"]
[Source "ChessBase"]
[SourceDate "2012.05.16"]
[SourceVersion "1"]
[SourceVersionDate "2012.05.16"]
[SourceQuality "1"]

1. e4 c5 2. Nc3 d6 3. f4 Nc6 4. Nf3 g6 5. Bb5 Bg7 6. Bxc6+ bxc6 7. 0-0 Nh6 8. Qe1 f6 9. d3 Nf7 10. Qg3 f5 11. Nh4 e6 12. exf5 exf5 13. Re1+ Kf8 14. Bd2 Bf6 15. Nf3 Kg7 16. Na4 Bd7 17. Bc3 Bxc3 18. Nxc3 Qf6 19. Qf2 Rab8 20. Rab1 Rhe8 21. a3 Rxe1+ 22. Qxe1 Nd8 23. b3 Ne6 24. Ne2 h6 25. Qa5 Qd8 26. Qd2 Qb6 27. Kf1 Kf7 28. Re1 Nd4 29. Nexd4 cxd4 30. Qf2 Qc5 31. Qh4 Re8 32. Qxh6 Rxe1+ 33. Nxe1 Bc8 34. b4 Qb6 35. Qh7+ Kf6 36. Nf3 Qa6 37. Ng5 Qxa3 38. Qh8+ Ke7 39. Qg7+ 1-0

[Event "EU-ch 13th"]
[Site "Plovdiv"]
[Date "2012.03.23"]
[Round "4"]
[White "Senetia, Teodor"]
[Black "Abdulov, Orkhan Javanshir"]
[Result "0-1"]
[WhiteElo "2188"]
[BlackElo "2387"]
[PlyCount "98"]
[EventDate "2012.03.20"]
[EventType "swiss"]
[EventRounds "11"]
[EventCountry "BUL"]
[SourceTitle "CBM 148"]
[Source "ChessBase"]
[SourceDate "2012.05.16"]
[SourceVersion "1"]
[SourceVersionDate "2012.05.16"]
[SourceQuality "1"]

1. e4 g6 2. d4 Bg7 3. Nc3 c6 4. Nf3 d5 5. h3 Nf6 6. e5 Ne4 7. Nxe4 dxe4 8. Ng5 c5 9. dxc5 Qa5+ 10. c3 Qxc5 11. Be3 Qxe5 12. Qa4+ Bd7 13. Qxe4 Qxe4 14. Nxe4 Bc6 15. Nd2 Nd7 16. Rg1 0-0 17. Nb3 b6 18. Ba6 Rad8 19. 0-0-0 Nf6 20. Rxd8 Rxd8 21. Be2 e5 22. g4 Nd5 23. Bd2 e4 24. c4 Nc7 25. Be3 Ne6 26. g5 Be5 27. Bg4 Nf4 28. Kc2 Ba4 29. h4 Nd3 30. Rd1 Re8 31. Be2 Nxb2 32. Rb1 Nxc4 33. Bxc4 Rc8 34. Re1 Rxc4+ 35. Kb1 f5 36. gxf6 Bxf6 37. Bg5 Kf7 38. Re3 Be5 39. a3 Ke6 40. Nd2 Bc2+ 41. Ka2 Rd4 42. Re1 Kf5 43. Nf1 Ke6 44. Ne3 Ba4 45. Ng4 Bg7 46. f3 Rc4 47. Ne3 Rc3 48. fxe4 Bd4 49. Re2 Rc1 0-1

[Event "EU-ch 13th"]
[Site "Plovdiv"]
[Date "2012.03.21"]
[Round "2"]
[White "Senetia, Teodor"]
[Black "Enchev, Ivajlo"]
[Result "0-1"]
[WhiteElo "2188"]
[BlackElo "2432"]
[PlyCount "94"]
[EventDate "2012.03.20"]
[EventType "swiss"]
[EventRounds "11"]
[EventCountry "BUL"]
[SourceTitle "CBM 148"]
[Source "ChessBase"]
[SourceDate "2012.05.16"]
[SourceVersion "1"]
[SourceVersionDate "2012.05.16"]
[SourceQuality "1"]

1. e4 c5 2. Nf3 e6 3. d4 cxd4 4. Nxd4 a6 5. Nc3 Qc7 6. Be3 Nf6 7. Qd2 Bb4 8. f3 d5 9. exd5 Nxd5 10. Nde2 Nxe3 11. Qxe3 0-0 12. 0-0-0 Nd7 13. Ne4 b5 14. Qf4 e5 15. Nf6+ Nxf6 16. Qxb4 Bf5 17. Nc3 Rfc8 18. g4 Be6 19. Bd3 a5 20. Qxb5 Rab8 21. Qa4 Rb4 22. Qa3 Rcb8 23. g5 Nh5 24. Be4 Nf4 25. Rd2 Rxb2 26. Qxb2 Rxb2 27. Kxb2 g6 28. a3 Qb6+ 29. Ka1 Qe3 30. Rd8+ Kg7 31. Nb1 Qc5 32. Rb8 Nh3 33. Rd1 Nxg5 34. Kb2 f5 35. Ba8 e4 36. f4 Nh3 37. Nc3 Nxf4 38. Rb5 Qc4 39. Rxa5 Nd3+ 40. Rxd3 exd3 41. Ra4 Qc7 42. cxd3 Qb8+ 43. Kc1 Qb3 44. Ra7+ Kh6 45. Nb1 Qb8 46. Ra4 Bd7 47. Rh4+ Kg5 0-1

[Event "ROM-ch"]
[Site "Sarata Monteoru"]
[Date "2012.02.18"]
[Round "8"]
[White "Senetia, Teodor"]
[Black "Neagu, Mihai Cosmin"]
[Result "1-0"]
[WhiteElo "2198"]
[BlackElo "1918"]
[PlyCount "135"]
[EventDate "2012.02.13"]
[EventType "swiss"]
[EventRounds "11"]
[EventCountry "ROU"]
[SourceTitle "CBM 147 Extra"]
[Source "ChessBase"]
[SourceDate "2012.04.24"]
[SourceVersion "1"]
[SourceVersionDate "2012.04.24"]
[SourceQuality "1"]

1. e4 c5 2. Nf3 e6 3. d4 cxd4 4. Nxd4 a6 5. Nc3 Qc7 6. Be3 Nf6 7. f3 b5 8. Qd2 Bb7 9. g4 d6 10. 0-0-0 Nc6 11. Rg1 Qa5 12. Kb1 Rc8 13. h4 Ne5 14. g5 Nfd7 15. Nce2 Qc7 16. b3 Nc5 17. Ng3 d5 18. f4 Ng4 19. e5 Nxe3 20. Qxe3 g6 21. h5 Nd7 22. Rh1 Rg8 23. hxg6 hxg6 24. Rh7 Bc5 25. Nge2 Ke7 26. Qh3 Nf8 27. Rh6 Qb6 28. Bg2 b4 29. f5 Rd8 30. fxg6 Nxg6 31. Qf3 Rdf8 32. Bh3 Bc8 33. Bg4 Ke8 34. Qg3 Qc7 35. Nf3 a5 36. Nf4 a4 37. Nxg6 Rxg6 38. Bh5 Rg7 39. g6 fxg6 40. Rxg6 Rxg6 41. Qxg6+ Kd8 42. Qg5+ Be7 43. Qe3 a3 44. Nd4 Rf2 45. Qxf2 Qc3 46. Nxe6+ Bxe6 47. Qd4 Bc5 48. Qxc3 bxc3 49. Rd3 d4 50. Kc1 Ke7 51. Rf3 Bb6 52. Kd1 Bc7 53. Rf6 Bxe5 54. Rh6 Bg7 55. Rg6 Bf6 56. Rg2 Kd6 57. Be2 Bd5 58. Rh2 Bg5 59. Rh8 Ke5 60. Rh7 Kf5 61. Ra7 Kf4 62. Rxa3 Be4 63. Bd3 Bf3+ 64. Kc1 Ke3 65. Ra6 Kf2+ 66. Kb1 Be3 67. Rf6 Bg5 68. Rf5 1-0

[Event "ROM-ch"]
[Site "Sarata Monteoru"]
[Date "2012.02.17"]
[Round "6"]
[White "Senetia, Teodor"]
[Black "Costachi, Mihnea"]
[Result "1-0"]
[WhiteElo "2198"]
[BlackElo "1937"]
[PlyCount "83"]
[EventDate "2012.02.13"]
[EventType "swiss"]
[EventRounds "11"]
[EventCountry "ROU"]
[SourceTitle "CBM 147 Extra"]
[Source "ChessBase"]
[SourceDate "2012.04.24"]
[SourceVersion "1"]
[SourceVersionDate "2012.04.24"]
[SourceQuality "1"]

1. e4 e5 2. Nf3 Nc6 3. Bb5 a6 4. Ba4 Nf6 5. 0-0 Be7 6. Re1 b5 7. Bb3 d6 8. c3 0-0 9. h3 Na5 10. Bc2 c5 11. d4 Qc7 12. d5 Ne8 13. b3 Nb7 14. a4 Rb8 15. axb5 axb5 16. b4 g6 17. Bh6 Ng7 18. Nbd2 f5 19. Ra7 f4 20. Qb1 c4 21. Qa2 Qd8 22. Ra1 g5 23. Nh2 Qe8 24. Bd1 Qg6 25. Bxg7 Qxg7 26. Bg4 Bxg4 27. hxg4 h5 28. Qa6 Bd8 29. Qxb5 hxg4 30. Nxg4 Rf7 31. Kf1 Qh7 32. Ke2 Kg7 33. f3 Qh4 34. Rg1 Qh8 35. Nxc4 Bf6 36. Na5 Nxa5 37. Rxf7+ Kxf7 38. Qd7+ Kg6 39. bxa5 Qf8 40. Qf5+ Kg7 41. Rh1 Rb2+ 42. Kd3 1-0

[Event "Bucharest Gaudeamus Cup 1st"]
[Site "Bucharest"]
[Date "2011.03.27"]
[Round "4"]
[White "Veneteanu, Ion Cristian"]
[Black "Senetia, Teodor"]
[Result "1/2-1/2"]
[WhiteElo "2214"]
[BlackElo "2204"]
[PlyCount "27"]
[EventDate "2011.03.25"]
[EventType "swiss"]
[EventRounds "5"]
[EventCountry "ROU"]
[SourceTitle "CBM 141 Extra"]
[Source "ChessBase"]
[SourceDate "2011.05.03"]
[SourceVersion "1"]
[SourceVersionDate "2011.05.03"]
[SourceQuality "1"]

1. Nf3 Nf6 2. b3 d6 3. d4 g6 4. g3 c5 5. Bb2 cxd4 6. Nxd4 Bg7 7. Bg2 d5 8. Nf3 0-0 9. 0-0 Nc6 10. Na3 Qa5 11. Qe1 Qxe1 12. Rfxe1 Ne4 13. Bxg7 Kxg7 14. Nb5 1/2-1/2

[Event "ROM-ch op"]
[Site "Sarata Monteoru"]
[Date "2011.02.17"]
[Round "7"]
[White "Bida, Mihai Eugen"]
[Black "Senetia, Teodor"]
[Result "1/2-1/2"]
[WhiteElo "2024"]
[BlackElo "2218"]
[PlyCount "107"]
[EventDate "2011.02.12"]
[EventType "swiss"]
[EventRounds "11"]
[EventCountry "ROU"]
[SourceTitle "EXT 2013"]
[Source "ChessBase"]
[SourceDate "2012.11.22"]
[SourceVersion "1"]
[SourceVersionDate "2012.11.22"]
[SourceQuality "1"]

1. e4 c5 2. Nf3 d6 3. d4 cxd4 4. Nxd4 Nf6 5. Nc3 Nc6 6. Bg5 e6 7. Qd2 a6 8. 0-0-0 h6 9. Be3 Ng4 10. f4 Nxe3 11. Qxe3 Be7 12. Kb1 Bd7 13. f5 b5 14. fxe6 fxe6 15. Qh3 Nxd4 16. Qh5+ Kf8 17. Rxd4 Qb6 18. Rd3 Kg8 19. Rf3 Rf8 20. Rxf8+ Bxf8 21. Bd3 Qc5 22. Qf3 Be8 23. Rf1 Be7 24. e5 d5 25. Ne2 h5 26. Nf4 Rh6 27. g4 hxg4 28. Qxg4 Qe3 29. Bg6 Bxg6 30. Nxg6 Bc5 31. h4 Qe4 32. Qxe6+ Kh7 33. Qc8 Rxg6 34. Qxc5 Qxe5 35. a3 Rh6 36. Rd1 Rxh4 37. Rxd5 Qe4 38. Ka2 Qe6 39. b3 Rh6 40. Rh5 Rxh5 41. Qxh5+ Kg8 42. Qg5 g6 43. Qd8+ Kf7 44. Qc7+ Kf6 45. Qf4+ Ke7 46. Qc7+ Kf6 47. Qf4+ Qf5 48. Qd6+ Kg7 49. Qe7+ Kh6 50. Qh4+ Qh5 51. Qf6 Qc5 52. Kb2 Qc8 53. Qh4+ Kg7 54. Qe7+ 1/2-1/2

[Event "ROM-ch op"]
[Site "Sarata Monteoru"]
[Date "2011.02.14"]
[Round "3"]
[White "Dobre, Mihai"]
[Black "Senetia, Teodor"]
[Result "1/2-1/2"]
[WhiteElo "1875"]
[BlackElo "2218"]
[PlyCount "89"]
[EventDate "2011.02.12"]
[EventType "swiss"]
[EventRounds "11"]
[EventCountry "ROU"]
[SourceTitle "CBM 140 Extra"]
[Source "ChessBase"]
[SourceDate "2011.03.01"]
[SourceVersion "1"]
[SourceVersionDate "2011.03.01"]
[SourceQuality "1"]

1. e4 c5 2. Nf3 d6 3. d4 cxd4 4. Nxd4 Nf6 5. Nc3 Nc6 6. Be3 e5 7. Nb3 Be6 8. f3 d5 9. exd5 Nxd5 10. Nxd5 Qxd5 11. Qxd5 Bxd5 12. 0-0-0 0-0-0 13. Bd3 Kb8 14. a3 Be7 15. Rd2 Be6 16. Nc5 Bc8 17. Rhd1 Nd4 18. Nb3 Nf5 19. Bxf5 Bxf5 20. g4 Bc8 21. Nc5 Kc7 22. Na4 Rxd2 23. Rxd2 b6 24. Nc3 Kc6 25. Nd5 Bd8 26. Kd1 e4 27. Nb4+ Kb7 28. Ke2 Re8 29. Nd5 a5 30. Rd4 exf3+ 31. Kxf3 Bd7 32. Kg3 Bc6 33. Bf4 g5 34. Bd2 Re2 35. c4 b5 36. cxb5 Bxd5 37. Rxd5 Bc7+ 38. Kf3 Rxh2 39. b6 Bxb6 40. Bxa5 Rf2+ 41. Kg3 Rxb2 42. Bxb6 Rb3+ 43. Kf2 Kxb6 44. Rxg5 Rxa3 45. Rg7 1/2-1/2

[Event "ROM-ch"]
[Site "Baile Olanesti"]
[Date "2010.02.02"]
[Round "4"]
[White "Iordache, Adrian"]
[Black "Senetia, Teodor"]
[Result "1/2-1/2"]
[WhiteElo "1991"]
[BlackElo "2190"]
[PlyCount "158"]
[EventDate "2010.01.31"]
[EventType "swiss"]
[EventRounds "9"]
[EventCountry "ROU"]
[SourceTitle "CBM 134 Extra"]
[Source "ChessBase"]
[SourceDate "2010.03.03"]
[SourceVersion "1"]
[SourceVersionDate "2010.03.03"]
[SourceQuality "1"]

1. e4 c5 2. Nf3 d6 3. Nc3 Nf6 4. e5 dxe5 5. Nxe5 Nfd7 6. Nc4 Nc6 7. g3 e6 8. Bg2 Nd4 9. d3 Be7 10. Ne2 Nb6 11. Nxb6 Qxb6 12. c3 Nc6 13. Nf4 g6 14. Qe2 Bd7 15. 0-0 0-0 16. h4 Bf6 17. h5 Ne7 18. hxg6 hxg6 19. Nh3 Bc6 20. Ng5 Bxg2 21. Kxg2 Qc6+ 22. f3 Bxg5 23. Bxg5 f6 24. Be3 Kf7 25. Rae1 b6 26. d4 c4 27. Bc1 Rh8 28. Qe4 Rh5 29. Rh1 Rah8 30. Rxh5 Rxh5 31. Qxc6 Nxc6 32. Re2 Ne7 33. Bf4 Nd5 34. Bd6 Rh8 35. g4 Rd8 36. Bg3 g5 37. Re1 b5 38. Rc1 Rh8 39. Kf2 Ke7 40. Rc2 Kd7 41. Rc1 a5 42. a3 Kc6 43. Kg2 Nb6 44. Re1 Re8 45. Re2 Re7 46. Kf2 Kd5 47. f4 gxf4 48. Bxf4 Rh7 49. g5 e5 50. dxe5 fxg5 51. e6 Nc8 52. Re5+ Kc6 53. Rxg5 Re7 54. Re5 Nd6 55. Bg5 Re8 56. Bf4 Re7 57. Ke3 Ne8 58. Bg5 Rg7 59. e7 Rg6 60. Kf4 Rd6 61. Ke4 Rd1 62. Re6+ Kd7 63. Ra6 Nd6+ 64. Ke5 Nf7+ 65. Kf6 Rf1+ 66. Kg6 Nxg5 67. Ra7+ Ke8 68. Kxg5 Rf2 69. Kg6 b4 70. Rxa5 bxc3 71. bxc3 Kxe7 72. Ra4 Ra2 73. Kf5 Kd6 74. Ke4 Kc5 75. Ra8 Re2+ 76. Kf3 Rc2 77. Rc8+ Kd5 78. Rd8+ Ke5 79. Re8+ Kd5 1/2-1/2

[Event "ROM-ch"]
[Site "Baile Olanesti"]
[Date "2010.02.01"]
[Round "2"]
[White "Nanu, Ciprian Costica"]
[Black "Senetia, Teodor"]
[Result "1-0"]
[WhiteElo "2506"]
[BlackElo "2190"]
[PlyCount "49"]
[EventDate "2010.01.31"]
[EventType "swiss"]
[EventRounds "9"]
[EventCountry "ROU"]
[SourceTitle "CBM 134 Extra"]
[Source "ChessBase"]
[SourceDate "2010.03.03"]
[SourceVersion "1"]
[SourceVersionDate "2010.03.03"]
[SourceQuality "1"]

1. d4 Nf6 2. Nf3 c5 3. d5 e6 4. Nc3 exd5 5. Nxd5 Nxd5 6. Qxd5 Nc6 7. Bf4 d6 8. Qd2 d5 9. Rd1 Be6 10. e3 f6 11. Bd3 Qa5 12. c3 Qxa2 13. Qc2 g6 14. 0-0 Qa5 15. e4 c4 16. Be2 dxe4 17. Bxc4 Bxc4 18. Qxe4+ Be7 19. Qxc4 Rd8 20. Bh6 Qa6 21. Qe6 Ne5 22. Rxd8+ Kxd8 23. Rd1+ Ke8 24. Qc8+ Kf7 25. Nxe5+ 1-0

[Event "ROM-ch"]
[Site "Eforie Nord"]
[Date "2009.02.07"]
[Round "8"]
[White "Siclovan, Cristian Daniel"]
[Black "Senetia, Teodor"]
[Result "0-1"]
[WhiteElo "1955"]
[BlackElo "2217"]
[PlyCount "80"]
[EventDate "2009.01.31"]
[EventType "swiss"]
[EventRounds "9"]
[EventCountry "ROU"]
[SourceTitle "CBM 130 Extra"]
[Source "ChessBase"]
[SourceDate "2009.07.02"]
[SourceVersion "2"]
[SourceVersionDate "2009.07.15"]
[SourceQuality "1"]

1. e4 c5 2. c3 Nf6 3. e5 Nd5 4. d4 cxd4 5. Nf3 e6 6. cxd4 Be7 7. Bd3 Nc6 8. Nc3 d6 9. exd6 Qxd6 10. Be3 Nf4 11. Bxf4 Qxf4 12. 0-0 0-0 13. Rc1 Rd8 14. Ne2 Qh6 15. Be4 Bd6 16. h3 Bd7 17. a3 f5 18. Bb1 Ne7 19. Qd2 Qf6 20. Ba2 Bc6 21. Qe3 Nd5 22. Bxd5 Bxd5 23. Ne5 h6 24. Nf4 Re8 25. Rfe1 Kh7 26. Kh2 g5 27. Nxd5 exd5 28. f4 gxf4 29. Qxf4 Qg5 30. g3 Re7 31. Rf1 Rf8 32. Rc2 Qh5 33. g4 Qh4 34. gxf5 Qxf4+ 35. Rxf4 Rxe5 36. dxe5 Bxe5 37. Kg3 Rxf5 38. Rcf2 Kg6 39. Kg4 h5+ 40. Kg3 d4 0-1

[Event "Bucharest Romgaz op 2nd"]
[Site "Bucharest"]
[Date "2008.09.18"]
[Round "8"]
[White "Senetia, Teodor"]
[Black "Szabo, Gergely Andras"]
[Result "0-1"]
[WhiteElo "2198"]
[BlackElo "2514"]
[PlyCount "78"]
[EventDate "2008.09.11"]
[EventType "swiss"]
[EventRounds "9"]
[EventCountry "ROU"]
[SourceTitle "CBM 126 Extra"]
[Source "ChessBase"]
[SourceDate "2008.11.05"]
[SourceVersion "1"]
[SourceVersionDate "2008.11.05"]
[SourceQuality "1"]

1. e4 c5 2. Nf3 d6 3. d4 cxd4 4. Nxd4 Nf6 5. Nc3 a6 6. g3 e5 7. Nb3 Be7 8. Bg2 Nbd7 9. 0-0 b5 10. a4 b4 11. Nd5 Nxd5 12. exd5 a5 13. Bd2 0-0 14. c3 bxc3 15. Bxc3 Qb6 16. Ra3 Bd8 17. Qd2 Qa7 18. Bf3 f5 19. Kg2 Nf6 20. Na1 Qf7 21. Kh1 Bb7 22. Rd1 Ne4 23. Qe2 Bb6 24. Be1 Ba6 25. Qc2 Rac8 26. Qb1 Nxf2+ 27. Bxf2 Bxf2 28. Nc2 e4 29. Bg2 Rfe8 30. Ne3 f4 31. Ng4 fxg3 32. Bxe4 Be2 33. Bxh7+ Kh8 34. Nxf2 Qxf2 35. Rxg3 Bxd1 36. Be4 Qf1+ 37. Rg1 Bf3+ 38. Bxf3 Qxf3+ 39. Rg2 Re2 0-1

[Event "Bucharest Romgaz op 2nd"]
[Site "Bucharest"]
[Date "2008.09.13"]
[Round "3"]
[White "Bachmann, Axel"]
[Black "Senetia, Teodor"]
[Result "1-0"]
[WhiteElo "2511"]
[BlackElo "2198"]
[PlyCount "69"]
[EventDate "2008.09.11"]
[EventType "swiss"]
[EventRounds "9"]
[EventCountry "ROU"]
[SourceTitle "CBM 126 Extra"]
[Source "ChessBase"]
[SourceDate "2008.11.05"]
[SourceVersion "1"]
[SourceVersionDate "2008.11.05"]
[SourceQuality "1"]

1. e4 c5 2. Nc3 d6 3. Nf3 g6 4. d4 cxd4 5. Qxd4 Nf6 6. e5 dxe5 7. Qxd8+ Kxd8 8. Nxe5 Be6 9. Bf4 Nh5 10. 0-0-0+ Kc8 11. Be3 f6 12. Bc4 Bxc4 13. Nxc4 f5 14. Bd4 Bh6+ 15. Kb1 Rd8 16. Bc5 Nc6 17. Nd5 b5 18. Na3 e6 19. Ne7+ Nxe7 20. Bxe7 Re8 21. Bd6 a6 22. c4 bxc4 23. Nxc4 Kb7 24. Be5 Red8 25. Nd6+ Kc6 26. Nf7 Rxd1+ 27. Rxd1 Bf8 28. Nd8+ Kb5 29. Nxe6 Rc8 30. Nxf8 Rxf8 31. Rd5+ Kc4 32. Ra5 Nf6 33. Kc2 Ne4 34. b3+ Kb4 35. Bc7 1-0